000 00594nam a22001937a 4500
999 _c1475
_d1475
003 AR-CdUCM
008 190227b ||||| |||| 00| 0 spa d
040 _aMUNICIPALIDAD PROVINCIAL DEL CUSCO
_cBIBLIOTECA MUNICIPAL DEL CUSCO
082 _a869.963 /
_bF35
100 _aFeijóo, Samuel
_95603
245 _aAzar de Lecturas /
260 _aCuba :
_bDepartamento de Estudios Hispánicos ;
_c1961.
300 _a378 páginas
_c23cm
505 _aPoesía
650 _aPoesía
_9444
710 _aUniversidad Central de Las Villas
_95604
942 _2ddc
_cLIBROS
945 _anom
_d2019-02-27